000 00531pam a2200193 a 4500
020 _a0781710042
_c993.30
041 _aeng
_hNULL
082 _a618.2
_bSEI/SPE
100 _aSEIFER, D .
245 _aCLINCIAL GYNAECOLOGIC ENDOCRINOLOGY & INFERTILITY /
_cNULL.
_hTextual Documents
250 _a2 /
_b.
260 _aNULL :
_bLIPPINCOTT WILLIAMS & WILKINS ,
_c2003.
300 _a524 :
_bVIII ;
_cNULL .
365 _a993.30
700 _aSPEROFF, L .
930 _a1657
999 _c796193
_d796193
650 _aOBST.GYNE